| 000 | 03961nmm a2200301 a 4500 | ||
|---|---|---|---|
| 003 | CO-CtgCURN | ||
| 005 | 20250719141325.0 | ||
| 007 | co cga0aauuu | ||
| 008 | 200615s2020 xx f 000 0 spa d | ||
| 040 |
_aCO-CtgCURN _bspa _ccoctgcurn |
||
| 082 |
_aDER 2020 _bD331p |
||
| 100 |
_aHoz Henríquez, Julio Mario de la _eautor _94225 |
||
| 245 | 0 |
_aPropuesta de implementación del sistema integrado de gestión "KOHA" en la Biblioteca Miguel Henríquez Castañeda de la Corporación Universitaria Rafael Núñez sede Barranquilla _h[electronic resource] / _cJulio Mario De La Hoz Henríquez; Moisés David Polo Estévez; Leandro Sarabia Pérez; asesor., Helmer David Agualimpia Romero |
|
| 260 |
_aBarranquilla, Atlántico : _bCorporación Universitaria Rafael Núñez, _c2020 |
||
| 300 |
_a1 recurso en línea (88 páginas (PDF)) : _btablas, imágenes |
||
| 502 | _aTrabajo de Grado (Abogado). Corporación Universitaria Rafael Núñez. Facultad de Ciencias Sociales y Humanas. Programa de Derecho, 2020 | ||
| 504 | _aIncluye referencias bibliográficas | ||
| 520 | _aLas bibliotecas y centros de información deben garantizar a los estudiantes, docentes, egresados y personal administrativo, los recursos necesarios para el adecuado acceso a todas sus fuentes bibliográficas, ya sean libros, revistas, material multimedia, trabajos de grado, entre otros. Por lo tanto, es necesario hacer uso de diversas herramientas tecnológicas que pueden contribuir en el desarrollo de sus objetivos. La biblioteca como centro de la vida académica, debe contar con un buen sistema de gestión, que permita a su personal automatizar los procesos inherentes a la actividad bibliotecaria. Así ayudar a mejorar el servicio y satisfacer las necesidades de información de los usuarios en general. El objetivo de este estudio, es analizar y determinar si el sistema integrado de gestión de biblioteca KOHA es el adecuado para remplazar el ya existente SIABUC. Partiendo que el sistema KOHA es de código abierto, es gratuito, y que además, puede distribuirse, ejecutarse y modificarse según las necesidades de la biblioteca o centro de información. Como metodología para este estudio se hace uso de los métodos deductivo y hace referencia a postulados necesarios para interpretar, comprender y decidir si este nuevo sistema integrado de biblioteca permitirá mejorar las actividades en la biblioteca de la Corporación Universitaria Rafael Núñez sede Barranquilla, por otra parte, se utilizó el tipo de investigación descriptivo y documental, puesto se reseñan las características o rasgos de la situación objeto de estudio, y la información que se obtuvo de documentos, entendiendo por éstos todo material al que se puede acudir como fuente de referencia, sin que se altere su naturaleza o sentido, los cuales aportan información o dan testimonio de una realidad o un acontecimiento; y así poder tomar la decisión correcta en la elección del nuevo sistema integrado de biblioteca. Teniendo en cuenta los resultados de la investigación y analizando los beneficios que se obtendrían en campo administrativo y técnico de la biblioteca, se sugiere como sistema de gestión a KOHA por que demostró responder a las necesidades para el manejo del acervo bibliográfico y de esta manera, garantizar la prestación del servicio de calidad a todos sus usuarios. | ||
| 521 | _aAREA PROFESIONAL | ||
| 590 | _aPrograma de Derecho_18 | ||
| 650 |
_aDerecho _vTesis y disertaciones académicas _94226 |
||
| 700 |
_aPolo Estévez, Moisés David _eautor _94227 |
||
| 700 |
_aSarabia Pérez, Leandro _eautor _94228 |
||
| 700 |
_aAgualimpia Romero, Helmer David _easesor _94229 |
||
| 856 |
_uhttps://unicurn.sharepoint.com/:b:/s/biblioteca/EZ9_ypMgFsVFs150SMfAvuEBisTowK31gEmDsejaTeihrg?e=fHFGcn _yConsulte aquí el texto completo |
||
| 942 |
_cTG _hDER 2020 _iD331p _2ddc _n0 |
||
| 999 |
_c521 _d521 |
||